Hodnotenie investícií v energetike : Habil.práca : Obh. 27.10.1992 /

Saved in:
Bibliographic Details
Main Author: Papulová, Emília (Author)
Format: Manuscript Book
Published: Bratislava : SVŠT v Bratislave EF, 1991
Tags: Add Tag
No Tags, Be the first to tag this record!

MARC

LEADER 00000ntm a22000003a 4500
001 stu7295
005 20150617225809.0
008 ------s1991----------------------------d
040 |a STU  |b slo 
041 0
100 1 |a Papulová, Emília  |4 aut 
245 1 |a Hodnotenie investícií v energetike :  |b Habil.práca : Obh. 27.10.1992 /  |c [aut.] Papulová,Emília, Ing. CSc 
260 |a Bratislava :  |b SVŠT v Bratislave EF,  |c 1991 
300 |a 93 s 
996 |b 284ED00801  |c E*HABIL-108  |l EE01  |s A  |a 24  |w stu7295_0001